| 000 | 01106nam a2200241 a 4500 | ||
|---|---|---|---|
| 005 | 20240924064228.0 | ||
| 008 | 991125s1981 mx 000 0 spa u | ||
| 035 | _aUPN01000003029 | ||
| 049 | _aCG | ||
| 050 | 4 |
_aLB1555 M6 _bE36 |
|
| 245 | 0 | 0 | _aAntecedentes de la educación normal. |
| 260 |
_aMéxico : _bDGEN, _c1981. |
||
| 300 | _a52 p. | ||
| 440 | 3 |
_aLa formación de los educadores y su papel como intelectuales. _pLectura ; _v10 |
|
| 501 | _aCon: Educación primaria : equilibrio entre oferta y demanda de maestros -- El estudiante normalista : su origen de clase y su relación con el Estado / Beatriz Calvo | ||
| 500 | _aTítulo de la cubierta: La formación de los educadores y su papel como intelectuales : lectura no. 10 | ||
| 500 | _aA la cabeza de la cubierta: Universidad Pedagógica Nacional. Area de Docencia. Maestría | ||
| 500 | _aFotocopia | ||
| 650 | 4 |
_aEducación normal _zMéxico _94429 |
|
| 740 | 0 | _aEducación primaria : equilibrio entre oferta y demanda de maestros | |
| 740 | 3 | _aEl estudiante normalista : su origen de clase y su relación con el Estado | |
| 905 | _aLibro | ||
| 999 |
_c3029 _d3029 |
||